NBA Players by Letter - B - Statistics

General Stats
  • This quiz has been taken 24 times
  • The average score is 18 of 55
Answer Stats
Team Answer % Correct
Pelicans Lonzo Ball
78%
Wizards Bradley Beal
72%
Pistons Bruce Brown
72%
Hawks Charles Brown
72%
Celtics Jaylen Brown
72%
Trail Blazers Moses Brown
72%
Bucks Sterling Brown
72%
Wizards Troy Brown
72%
Suns Devin Booker
67%
Heat Jimmy Butler
56%
Clippers Patrick Beverley
50%
Nuggets Bol Bol
44%
Grizzlies Dillon Brooks
44%
Bucks Eric Bledsoe
44%
Mavericks Jalen Brunson
44%
Hornets Nicolas Batum
44%
Kings Bogdan Bogdanovic
39%
Jazz Bojan Bogdanovic
39%
Mavericks J.J. Barea
39%
Pacers Malcolm Brogdon
39%
Timberwolves Malik Beasley
39%
Suns Mikal Bridges
39%
Hornets Miles Bridges
39%
Magic Mo Bamba
39%
Kings Harrison Barnes
33%
Kings Marvin Bagley
33%
Knicks RJ Barrett
33%
Nuggets Will Barton
33%
76ers Alec Burks
28%
Lakers Avery Bradley
28%
Hornets Bismack Biyombo
28%
Wizards Thomas Bryant
28%
Jazz Tony Bradley
28%
Thunder Darius Bazley
22%
Warriors Dragan Bender
22%
Hornets Dwayne Bacon
22%
Kings Kent Bazemore
22%
Hawks DeAndre' Bembry
17%
Suns Aron Baynes
11%
Pacers Brian Bowen
11%
Raptors Chris Boucher
11%
Thunder Deonte Burton
11%
Pacers Goga Bitadze
11%
Knicks Ignas Brazdeikis
11%
Pistons Jordan Bone
11%
Nuggets Keita Bates-Diop
11%
Warriors Ky Bowman
11%
Spurs Marco Belinelli
11%
Kings Nemanja Bjelica
11%
Pistons Reggie Bullock
11%
Wizards Davis Bertans
6%
Wizards Isaac Bonga
6%
Jazz Jarrell Brantley
6%
Magic Khem Birch
6%
Raptors Oshae Brissett
0%
No matching quizzes found
Score Distribution
Percent of People with Each Score
Percentile by Number Answered
Your Score History
You have not taken this quiz